| 000 | 00489nam a2200181 a 4500 | ||
|---|---|---|---|
| 005 | 20140318144916.0 | ||
| 008 | 140318b1990 -Uk||||| |||| 00| 0 eng d | ||
| 041 | _aeng | ||
| 044 | _axxk | ||
| 090 |
_aLB _b04547 |
||
| 100 |
_aHolldobler, Bert _922693 |
||
| 245 |
_aAnts _bwinner of the pulitzer prize in general nonfiction |
||
| 260 |
_aCambridge _bHarvard University Press _c1990 |
||
| 300 | _a732 p. | ||
| 700 |
_aWison, Edward O. _922694 |
||
| 942 |
_cImpreso _2z |
||
| 945 | _d2006-01-17 | ||
| 999 |
_c5185 _d5185 |
||